<?xml version="1.0" encoding="UTF-8"?>
<marc:record xmlns:marc="http://www.loc.gov/MARC21/slim">
   <marc:leader>00000nam a2200000 a 4500</marc:leader>
   <marc:datafield ind1="1" ind2=" " tag="100">
      <marc:subfield code="a">Revedin, Jana</marc:subfield>
      <marc:subfield code="4">aut</marc:subfield>
      <marc:subfield code="e">Verfasser/-in</marc:subfield>
   </marc:datafield>
   <marc:datafield ind1=" " ind2=" " tag="653">
      <marc:subfield code="a">Zwanziger-Jahre</marc:subfield>
   </marc:datafield>
   <marc:datafield ind1=" " ind2=" " tag="653">
      <marc:subfield code="a">Bauhaus</marc:subfield>
   </marc:datafield>
   <marc:datafield ind1=" " ind2=" " tag="653">
      <marc:subfield code="a">Frank</marc:subfield>
   </marc:datafield>
   <marc:datafield ind1=" " ind2=" " tag="653">
      <marc:subfield code="a">Ise</marc:subfield>
   </marc:datafield>
   <marc:datafield ind1="0" ind2="0" tag="245">
      <marc:subfield code="a">Jeder hier nennt mich Frau Bauhaus</marc:subfield>
   </marc:datafield>
   <marc:datafield ind1="0" ind2="0" tag="245">
      <marc:subfield code="b">das Leben der Ise Frank : ein biografischer Roman</marc:subfield>
   </marc:datafield>
   <marc:datafield ind1=" " ind2="1" tag="264">
      <marc:subfield code="b">DuMont</marc:subfield>
   </marc:datafield>
   <marc:datafield ind1="1" ind2=" " tag="520">
      <marc:subfield code="a">28. Mai 1923. Auf Drängen ihrer Freundin war Ise nach Hannover gekommen - um ihn zu erleben: den charismatischen Rebellenarchitekten Walter Gropius. Er hatte in Weimar das Bauhaus gegründet, und an diesem Abend stellte er an der Technischen Hochschule sein bahnbrechend neues Konzept vor. Es wurde ein schicksalhafter Abend für die 26-jährige Ise, die ein selbstbestimmtes Leben als Buchhändlerin und Rezensentin in München führte. Dem Charme des viel älteren Gropius, der leidenschaftlich und vehement für seine "Idee Bauhaus" eintrat und doch eine herbe Melancholie versprühte, konnte sie auf Dauer nicht widerstehen ...</marc:subfield>
   </marc:datafield>
   <marc:datafield ind1=" " ind2=" " tag="020">
      <marc:subfield code="a">9783832165369</marc:subfield>
      <marc:subfield code="9">9783832165369</marc:subfield>
   </marc:datafield>
</marc:record>
